Central Library OPAC University of Rajshahi

Egyptian painting / (Record no. 18467)

MARC details
000 -LEADER
fixed length control field 00895nam a2200289 a 4500
001 - CONTROL NUMBER
control field 18467
003 - CONTROL NUMBER IDENTIFIER
rucl marc code BD-RjUL
005 - DATE AND TIME OF LATEST TRANSACTION
control field 20211209000305.0
008 - FIXED-LENGTH DATA ELEMENTS--GENERAL INFORMATION
fixed length control field 140220r19641963enka b 000 0 eng d
035 ## - SYSTEM CONTROL NUMBER
System control number (BD-RjUL)18525
040 ## - CATALOGING SOURCE
Original cataloging agency ZLM
Transcribing agency BD-RjUL
Modifying agency BD-RjUL
-- EQO
Language of cataloging eng
041 ## - LANGUAGE CODE
Language code of text/sound track or separate title eng
082 ## - DEWEY DECIMAL CLASSIFICATION NUMBER
Classification number 759.932
Edition number 18
Author mark and year NEE 1964
090 ## - LOCALLY ASSIGNED LC-TYPE CALL NUMBER (OCLC); LOCAL CALL NUMBER (OCLC)
Classification number (OCLC) (R) ; Classification number, CALL (RLIN) (NR) ND75
Local cutter number (OCLC) ; Book number/undivided call number, CALL (RLIN) .N463 1963a
100 1# - MAIN ENTRY--PERSONAL NAME
Personal name Neumayer, Heinrich,
Dates associated with a name 1905-
9 (RLIN) 56897
245 10 - TITLE STATEMENT
Title Egyptian painting /
Statement of responsibility, etc. Heinrich, Neumayer translated by Margaret Shenfield
260 ## - PUBLICATION, DISTRIBUTION, ETC. (IMPRINT)
Place of publication, distribution, etc. London :
Name of publisher, distributor, etc. Methuen & Co,
Date of publication, distribution, etc. [1964, c1963]
300 ## - PHYSICAL DESCRIPTION
Pagination 62 p.
Illustrations col. ill.
Size 19 cm
490 1# - SERIES STATEMENT
Series statement Movements in world art
500 ## - GENERAL NOTE
General note Translation from the German of Maleri Ägyptiens.
504 ## - BIBLIOGRAPHY, ETC. NOTE
Bibliography, etc Bibliography: p. 15
650 #0 - SUBJECT ADDED ENTRY--TOPICAL TERM
Topical term or geographic name as entry element Painting, Egyptian
9 (RLIN) 56898
830 #0 - SERIES ADDED ENTRY--UNIFORM TITLE
Uniform title Movements in world art
942 ## - ADDED ENTRY ELEMENTS (KOHA)
Source of classification or shelving scheme Dewey Decimal Classification
Koha item type Books
Holdings
Lost status Source of classification or shelving scheme Damaged status Not for loan Collection code Permanent Location Current Location Shelving location Date acquired Source of acquisition Total Checkouts Full call number Date last seen Copy number Koha item type
  Dewey Decimal Classification   Not For Loan Non-fiction Central Library, University of Rajshahi Central Library, University of Rajshahi Reading Room 26/02/1958 Asia foundation   759.932 NEE 1964 20/02/2014 C-1 Books